[Event "Oberliga Nord O 1516"]
[Site "Germany"]
[Date "2015.11.15"]
[Round "3.7"]
[White "Woll, Wilfried"]
[Black "Georgi, David"]
[Result "1/2-1/2"]
[WhiteElo "2108"]
[BlackElo "1806"]
[PlyCount "38"]
[EventDate "2015.09.20"]
[EventType "team-tourn"]
[EventRounds "9"]
[EventCountry "GER"]
[SourceTitle "CBM 170 Extra"]
[Source "ChessBase"]
[SourceDate "2016.02.25"]
[SourceVersion "1"]
[SourceVersionDate "2016.02.25"]
[SourceQuality "1"]
[WhiteTeam "Greifswald"]
[BlackTeam "Fuerstenwalde"]
[WhiteTeamCountry "GER"]
[BlackTeamCountry "GER"]

1. c4 Nf6 2. g3 e6 3. Nf3 d5 4. Bg2 Be7 5. 0-0 0-0 6. b3 c5 7. d4 dxc4 8. bxc4 Nc6 9. e3 Ne4 10. Ne5 f5 11. Nxc6 bxc6 12. Nd2 Nxd2 13. Qxd2 Ba6 14. Bxc6 Bxc4 15. Rd1 Rc8 16. d5 exd5 17. Bxd5+ Qxd5 18. Qxd5+ Bxd5 19. Rxd5 Rcd8 1/2-1/2

[Event "Berlin Lichtenberger op 12th"]
[Site "Berlin"]
[Date "2013.08.24"]
[Round "8"]
[White "Georgi, David"]
[Black "Kapr, Klaus"]
[Result "0-1"]
[WhiteElo "1696"]
[BlackElo "2069"]
[PlyCount "62"]
[EventDate "2013.08.17"]
[EventType "swiss"]
[EventRounds "9"]
[EventCountry "GER"]
[SourceTitle "CBM 156 Extra"]
[Source "ChessBase"]
[SourceDate "2013.10.22"]
[SourceVersion "1"]
[SourceVersionDate "2013.10.22"]
[SourceQuality "1"]

1. Nc3 d5 2. e4 dxe4 3. Nxe4 Qd5 4. Qf3 c6 5. c4 Qa5 6. Bd3 Nd7 7. Qe2 e6 8. Nf3 Ngf6 9. 0-0 Be7 10. Bc2 0-0 11. d4 Nxe4 12. Bxe4 Qh5 13. d5 cxd5 14. cxd5 Nc5 15. Bc2 Qxd5 16. b4 Nd7 17. Bb2 Bf6 18. Rad1 Qh5 19. Bxf6 Nxf6 20. Rd4 Bd7 21. Qd2 Bc6 22. Rh4 Qd5 23. Rd4 Qb5 24. a4 Qb6 25. Rf4 Bxf3 26. gxf3 Rfd8 27. Qe2 Rac8 28. Rxf6 gxf6 29. Kh1 Qxb4 30. Rg1+ Kh8 31. Rg4 Qd2 0-1

[Event "Berlin Lichtenberger op 12th"]
[Site "Berlin"]
[Date "2013.08.21"]
[Round "5"]
[White "Weishaeutel, Moritz"]
[Black "Georgi, David"]
[Result "0-1"]
[WhiteElo "1680"]
[BlackElo "1696"]
[PlyCount "86"]
[EventDate "2013.08.17"]
[EventType "swiss"]
[EventRounds "9"]
[EventCountry "GER"]
[SourceTitle "CBM 156 Extra"]
[Source "ChessBase"]
[SourceDate "2013.10.22"]
[SourceVersion "1"]
[SourceVersionDate "2013.10.22"]
[SourceQuality "1"]

1. e4 c5 2. Nf3 d6 3. d4 cxd4 4. Nxd4 Nf6 5. Nc3 g6 6. f4 Bg7 7. Be3 0-0 8. h3 Nc6 9. Qf3 Nd7 10. 0-0-0 Nxd4 11. Bxd4 e5 12. fxe5 Nxe5 13. Bxe5 Bxe5 14. g4 Qa5 15. Rd5 Qb6 16. Rb5 Qd8 17. Bc4 a6 18. Rxe5 dxe5 19. Rd1 Qg5+ 20. Kb1 Be6 21. Bd5 Rab8 22. Qe2 Qe7 23. Qe3 b5 24. Bxe6 fxe6 25. Qh6 b4 26. Ne2 Rbc8 27. h4 Qc5 28. c3 Rc7 29. h5 Qc4 30. hxg6 Qxe4+ 31. Ka1 Qxg6 32. Qe3 Rcf7 33. cxb4 Rf1 34. Qc1 Rxd1 35. Qxd1 Qxg4 36. b3 Qg2 37. Qd3 Rf1+ 38. Kb2 Rf2 39. Qd8+ Kf7 40. Qd7+ Kf6 41. Qd8+ Kf5 42. Qd3+ e4 43. Qd7 Rxe2+ 0-1